| 000 | 00391nam a22001337a 4500 | ||
|---|---|---|---|
| 003 | SGT | ||
| 082 |
_a150 _bS24R |
||
| 100 | _aROY, AKANSHA | ||
| 245 | _aSOCIAL RESPONSIVENESS IN RELATION TO EMOTION REGULATION AND QUALITY OF LIFE AMONG ADULTS WITH AUTISM SPECTRUM DISORDER | ||
| 260 |
_aGURUGRAM _bSGT UNIVERSITY _c2024 |
||
| 300 | _a140 | ||
| 650 | _aCLINICAL PSYCHOLOGY | ||
| 942 |
_2ddc _cTH |
||
| 999 |
_c32411 _d32411 |
||